| 000 | 00720nam a2200181 a 4500 | ||
|---|---|---|---|
| 005 | 20140412111315.0 | ||
| 008 | 001220s19uu xx 00 eng d | ||
| 020 | _a971-511-240-4 | ||
| 050 |
_aER _bGr75 1997 |
||
| 100 | _aGuevarra, Mila | ||
| 245 |
_aGrandma and me / _cstory by Mila Guevarra ; illustrations by Jonathan de Vera. |
||
| 260 |
_aMandaluyong City : _bOMF Literature Inc, _c1997. |
||
| 300 | _a1 v. (unp.) ; ill. | ||
| 520 | _aGrandma and Me is a story of a 4 year old Bea left in the care of a relative. She hasn't seen her parents for a long time. Bea tells us, "My Mommy went to Saudi Arabia. My Daddy lives in another house." | ||
| 650 | _aRelative stories | ||
| 999 |
_c104199 _d104199 |
||